A preliminary checklist of the vascular plants of Mozambique (Record no. 54373)

MARC details
000 -LEADER
fixed length control field 00881nam a2200229 a 4500
008 - FIXED-LENGTH DATA ELEMENTS--GENERAL INFORMATION
fixed length control field 061215s2004 ||||||||||||||||| || u
020 ## - INTERNATIONAL STANDARD BOOK NUMBER
International Standard Book Number 1919976124
050 ## - LIBRARY OF CONGRESS CALL NUMBER
Classification number SABONET(08)R/04/30
100 ## - MAIN ENTRY--PERSONAL NAME
Personal name Da Silva, Mario Calane
245 12 - TITLE STATEMENT
Title A preliminary checklist of the vascular plants of Mozambique
Statement of responsibility, etc. by Mario Calane da Silva;Samira Izidine & Ana Bela Amude
260 ## - PUBLICATION, DISTRIBUTION, ETC.
Place of publication, distribution, etc. Pretoria
Name of publisher, distributor, etc. SABONET
Date of publication, distribution, etc. 2004
300 ## - PHYSICAL DESCRIPTION
Extent viii;184p.; ill.
350 ## - PRICE (NR) (BK AM CF MU VM SE) [OBSOLETE]
Price 0.00
490 ## - SERIES STATEMENT
Series statement Southern African Botanical Diversity Network report
650 ## - SUBJECT ADDED ENTRY--TOPICAL TERM
Topical term or geographic name entry element BOTANY
650 ## - SUBJECT ADDED ENTRY--TOPICAL TERM
Topical term or geographic name entry element VASCULAR PLANTS--MOZAMBIQUE
650 ## - SUBJECT ADDED ENTRY--TOPICAL TERM
Topical term or geographic name entry element BOTANY--MOZAMBIQUE
700 ## - ADDED ENTRY--PERSONAL NAME
Personal name Amude, Ana Bela
700 ## - ADDED ENTRY--PERSONAL NAME
Personal name Izidine, Samira
710 ## - ADDED ENTRY--CORPORATE NAME
Corporate name or jurisdiction name as entry element SABONET
995 ## - RECOMMENDATION 995 [LOCAL, UNIMARC FRANCE]
-- 0.00
-- CBU-MAIN LIBRARY (Kitwe)
-- 1
-- 0.00
-- 30
-- AVAILABLE
-- Dec 15, 2006
-- International Publications
Holdings
Withdrawn status Lost status Source of classification or shelving scheme Damaged status Not for loan Home library Current library Shelving location Date acquired Total Checkouts Full call number Barcode Date last seen Price effective from Koha item type
          CBU-MAIN LIBRARY, KITWE. CBU-MAIN LIBRARY, KITWE.   11/30/2022   SABONET(08)R/04/30 Z03001582 11/30/2022 11/30/2022 MONOGRAPH